|
|
|
|
| LEADER |
00984nam a2200265 4500 |
| 001 |
c000158897 |
| 003 |
CARM |
| 005 |
20020110095643.0 |
| 008 |
980904s1946 enk 000 0 eng |
| 010 |
|
|
|a 47028763
|
| 019 |
1 |
|
|a 23295189
|5 LACONCORD2021
|
| 035 |
|
|
|a (OCoLC)39803507
|5 LACONCORD2021
|
| 040 |
|
|
|a DLC
|b eng
|c ZCU
|d VU
|
| 050 |
0 |
0 |
|a HF5686.H6
|b R6
|
| 082 |
0 |
0 |
|a 657
|
| 100 |
1 |
|
|a Robson, T. B.
|q (Thomas Buston),
|c Sir.
|
| 245 |
1 |
0 |
|a Consolidated accounts, principles and procedure /
|c by T. B. Robson.
|
| 246 |
0 |
|
|i At head of title:
|a Holding companies and their subsidiaries.
|
| 260 |
|
|
|a London :
|b Gee,
|c 1946.
|
| 300 |
|
|
|a 109 p. ;
|c 22 cm.
|
| 650 |
|
0 |
|a Holding companies
|x Accounting.
|
| 650 |
|
0 |
|a Holding companies
|z Great Britain.
|
| 852 |
8 |
|
|b CARM
|h A2:AJ03B0
|i B04710
|p 0208518
|f BK
|
| 999 |
f |
f |
|i 6cb1a9e5-48af-56b2-980e-de45b568d51c
|s 65a56709-0dfd-5ce7-9927-8a52447e42c9
|
| 952 |
f |
f |
|p Can circulate
|a CAVAL
|b CAVAL
|c CAVAL
|d CARM 1 Store
|e B04710
|f A2:AJ03B0
|h Other scheme
|i book
|m 0208518
|